Detalles MARC
| 000 -LEADER |
| campo de control de longitud fija |
03900nam a22003257a 4500 |
| 001 - NÚMERO DE CONTROL |
| campo de control |
TZ 0028 A´ |
| 003 - IDENTIFICADOR DE NÚMERO DE CONTROL |
| campo de control |
gtcocun |
| 005 - FECHA Y HORA DE LA ÚLTIMA TRANSACCIÓN |
| campo de control |
20251006173123.0 |
| 006 - CÓDIGOS DE INFORMACIÓN DE LONGITUD FIJA--CARACTERÍSTICAS DEL MATERIAL ADICIONAL |
| campo de control de longitud fija |
a||||gr|||| 00| 0 |
| 007 - CAMPO FIJO DE DESCRIPCIÓN FÍSICA--INFORMACIÓN GENERAL |
| campo de control de longitud fija |
ta |
| 008 - DATOS DE LONGITUD FIJA--INFORMACIÓN GENERAL |
| campo de control de longitud fija |
251006b2006 gt ||||| m||| 00| 0 eng d |
| 040 ## - FUENTE DE CATALOGACIÓN |
| Centro catalogador/agencia de origen |
gtcocun |
| Lengua de catalogación |
SPA |
| Centro/agencia transcriptor |
gtcocun |
| Normas de descripción |
RDA |
| 041 ## - CÓDIGO DE IDIOMA |
| Código de lengua del texto/banda sonora o título independiente |
SPA TZ 0028 A´ |
| 084 ## - OTRO NÚMERO DE CLASIFICACIÓN |
| Número de control del registro de autoridad o número normalizado |
TZ 0028 A´ |
| 100 ## - ENTRADA PRINCIPAL--NOMBRE DE PERSONA |
| Nombre de persona |
García del Valle, Edgar Antonio |
| Término indicativo de función/relación |
Autor |
| 245 ## - MENCIÓN DEL TÍTULO |
| Título |
INFORME DE ACTIVIDADES DE EXTENSIÓN Y SERVICIO REALIZADAS EN EL MUNICIPIO DE SAN MIGUEL TUCURÚ, ALTA VERAPAZ./ |
| Mención de responsabilidad, etc. |
Edgar Antonio García del Valle. |
| Medio |
Impreso |
| 264 ## - PRODUCCIÓN, PUBLICACIÓN, DISTRIBUCIÓN, FABRICACIÓN Y COPYRIGHT |
| Producción, publicación, distribución, fabricación y copyright |
Cobán, Alta Verapaz: |
| Nombre del de productor, editor, distribuidor, fabricante |
Universidad de San Carlos de Guatemala, Centro Universitario del Norte, Zootecnia |
| Fecha de producción, publicación, distribución, fabricación o copyright |
2006 |
| 300 ## - DESCRIPCIÓN FÍSICA |
| Extensión |
43 p.: |
| Otras características físicas |
Ilustraciones, gráficas. |
| Dimensiones |
28 cm; |
| 336 ## - TIPO DE CONTENIDO |
| Fuente |
rdacontenido |
| Término de tipo de contenido |
Texto |
| Código de tipo de contenido |
txt |
| 337 ## - TIPO DE MEDIO |
| Fuente |
rdamedio |
| Nombre/término del tipo de medio |
Computadora |
| Código del tipo de medio |
n |
| 338 ## - TIPO DE SOPORTE |
| Fuente |
rdasoporte |
| Nombre/término del tipo de soporte |
Código en línea |
| Código del tipo de soporte |
cr |
| 502 ## - NOTA DE TESIS |
| identificador de la tesis |
TZ 0028 A´ |
| 502 ## - NOTA DE TESIS |
| Nota de tesis |
Tesis de grado |
| Tipo de título |
Zootecnia, |
| Nombre de la institución que otorga el título |
Universidad de San Carlos de Guatemala, Centro Universitario del Norte, Zootecnia |
| Año de obtención del título |
2006 |
| Identificador de la tesis |
TZ 0028 A´ |
| 520 14 - RESUMEN, ETC. |
| Sumario, etc. |
En este informe se describen los servicios prestados durante el Ejercicio Profesional Supervisado (EPS), realizados en el municipio de San Miguel Tucurú, Alta Verapaz, durante los meses de febrero a noviembre del año mil<br/>novecientos noventa y nueve.<br/><br/>Entre las actividades que se realizaron en forma conjunta con los estudiantes de las carreras de Agronomía, Psicología y Zootecnia, se menciona:<br/>Asesoría técnica a instituciones locales, perfiles de proyectos, coordinación de<br/>actividades de emergencia y actividades sociales del municipio.<br/><br/>Las actividades pecuarias que se llevaron a cabo en las comunidades del municipio, estuvieron enfocadas en aumentar los niveles de producción de las especies domésticas, mediante la implementación de técnicas de mejoras del manejo sanitario, nutricional e instalaciones.<br/><br/>Entre las actividades planificadas ejecutadas se mencionan: Sanidad animal, asesoría en el engorde de pollos, siembra 0de árboles forrajeros,<br/>capacitación sobre manejo de bovinos y porcinos. Realizándose también actividades no planificadas como: Capacitación sobre botiquines pecuarios, asesoría en granjas de aves de postura, asesoría en la ejecución de charcas piscícolas y comparación del engorde de pollos en dos sistemas de piso, entre<br/>otras.<br/><br/>Finalizadas las actividades del EPS, se concluyó en que se lograron alcanzar mejoras significativas en el manejo de las especies domésticas, redundando esto en una mayor producción, por ende, se mejoró en algún grado el nivel de vida de los (as) comunitarios (as). También se concluyó que el apoyo<br/>brindado a la municipalidad, por medio de la Unidad Técnica, cumplió con las<br/>expectativas del programa del Ejercicio Profesional Supervisado Multidisciplinario (EPSUM).<br/><br/>Por lo expuesto anteriormente se considera importante continuar con la asesoría y apoyo a las Unidades Técnicas Municipales que posteriormente fueron denominadas Oficina de Planificación Municipal, con el propósito de fortalecer los gobiernos locales. Así también debe considerarse la continua<br/>asesoría y capacitación en las áreas rurales, en el campo pecuario y agrícola, especialmente en zonas de alto riesgo, afectadas frecuentemente por los fenómenos naturales, como la recién pasada tormenta Mitch, la cual dejó muchas pérdidas en el campo agropecuario en el área rural del municipio de Tucurú. |
| 650 14 - PUNTO DE ACCESO ADICIONAL DE MATERIA--TÉRMINO DE MATERIA |
| Fuente del encabezamiento o término |
LEMB |
| Término de materia o nombre geográfico como elemento de entrada |
San Miguel Tucurú, Alta Verapaz. |
| Subdivisión general |
Zootecnia |
| -- |
Agronomía |
| -- |
Asesoría Técnica |
| -- |
Psicología |
| -- |
Manejo sanitario |
| -- |
Nutricional |
| 700 ## - ENTRADA AGREGADA--NOMBRE PERSONAL |
| Nombre de persona |
Lic. Zoot. Mauricio Arturo Quiroa Roldán |
| Término indicativo de función/relación |
Asesor |
| 856 ## - LOCALIZACIÓN Y ACCESO ELECTRÓNICOS |
| Identificador Uniforme de Recurso |
<a href="https://drive.google.com/file/d/1A6kXR-iiYYq2hIOhMf8afzoSFybTz-j8/view">https://drive.google.com/file/d/1A6kXR-iiYYq2hIOhMf8afzoSFybTz-j8/view</a> |
| Texto de enlace |
PDF |
| Nota pública |
Un ejemplar en línea. |
| 942 ## - ELEMENTOS DE ENTRADA SECUNDARIOS (KOHA) |
| Fuente de la clasificación o esquema de estantería |
Clasificación Decimal Dewey |
| Tipo de ítem Koha |
TESIS |
| Parte de la signatura que identifica el ejemplar (Parte del ítem) |
TZ 0028 A´ |
| Prefijo de la signatura |
Clasificación |
| Suprimir en OPAC |
No |
| -- |
TZ_0028_000000000000000_A |